| Tag |
First Indicator |
Second Indicator |
Subfields |
| LEADER |
00000cjm a2200000 a 4500 |
| 001 |
in00001356421 |
| 005 |
20151006062110.0 |
| 007 |
sd fungnn|||eu |
| 008 |
960823s1996 maudfn ei N/A d |
| 024 |
1 |
|
|a 1166111232
|
| 028 |
0 |
0 |
|a CD 1123
|b Rounder
|
| 035 |
|
|
|a (OCoLC)35296485
|
| 035 |
|
|
|9 AHG5806AM
|
| 040 |
|
|
|a NTE
|c NTE
|d TXA
|d UtOrBLW
|
| 041 |
0 |
|
|g eng
|
| 049 |
|
|
|a TXAV
|
| 090 |
|
|
|a M1629
|b .M55 1996
|
| 245 |
0 |
0 |
|a Milestone at the garden :
|b Irish fiddle master from the 78 rpm era.
|
| 264 |
|
1 |
|a Cambridge, Mass. :
|b Rounder,
|c 1996.
|
| 300 |
|
|
|a 1 sound disc :
|b digital ;
|c 4 3/4 in.
|
| 336 |
|
|
|a performed music
|b prm
|2 rdacontent
|
| 337 |
|
|
|a audio
|b s
|2 rdamedia
|
| 338 |
|
|
|a audio disc
|b sd
|2 rdacarrier
|
| 500 |
|
|
|a Compact disc.
|
| 500 |
|
|
|a Sequel to From Galway to Dublin (Rounder 1087).
|
| 500 |
|
|
|a Program notes ([24] pages) inserted in container.
|
| 505 |
0 |
|
|a Miss Langford's reel ; The milestone in the garden / James Morrison (2:59) -- Toss the feathers ; Callan lassies / John Howard (3:00) -- Over the lakes / Fireman Barney Conlon (3:03) -- The rocks of Bawn / Frank Quinn (3:24) -- The Doon reel ; Quinn's reel / Paddy Cronin (2:58) -- The Mullingar Lee ; The star of Munster / Hugh Gillespie (2:54) -- Cra Croi an Phíobaire (The piper's despair) ; Ríl an Chinnéidigh (Kennedy's reel) / Denis Murphy (2:48) -- The ace and deuce of pipering ; The king of the fairies / Frank O'Higgins (3:04) -- The old dudeen ; On the road to Lurgan / Paddy Killoran (2:19) -- Bonnie Kate ; Swallow's tail ; Molly Brannigan / K. Scanlon (2:57) -- Thistle and Shamrock / Danny O'Donnell (2:52) -- Mountain lark ; Wheels of the world / Francis Cashin and Tom Cawley (2:58) -- Port Gael-Linn / Seán Ryan (2:31) -- High level (2:58); High level; The Newcastle (3:06) ; The Banks (2:28) / Louis E. Quinn and James O'Bierne -- Jackson's reel / Michael Coleman (3:31) -- Haste to the wedding ; Over the hills / Neil O'Boyle (3:16) -- McDermott's reel ; The mason's apron / Sean Maguire (2:51) -- The poppy leaf ; The showman's fancy / Kathleen Harrington (2:46) -- Miss McLeod's reel ; Greenfields of Rossbeigh / Michael Hanafin (3:08) -- The boys at the Lough ; Tom Clark's fancy / Edward V. Reavy (3:41) -- Rogha Ghearóid de Barra (Garrett Barry's) ; Bruacha Loch Gabhna (The banks of Lough Gowna) / Paddy Canny (3:03) -- The Lady of the house / Packie Dolan (3:01) -- Farrell Gara ; The silver spire / Patrick Killoran and Patrick Sweeney (2:54).
|
| 500 |
|
|
|a Sound recording.
|
| 650 |
|
0 |
|a Fiddle tunes.
|
| 710 |
2 |
|
|a Rounder Records (Firm)
|
| 999 |
|
|
|a MARS
|
| 999 |
f |
f |
|s 5eee525b-e723-3c19-aa76-3d21392f7989
|i f7c3ff48-f016-34b0-ba9d-249dd8063f2b
|t 0
|
| 952 |
f |
f |
|p ric
|a Texas A&M University
|b Rellis Campus
|c Joint Library Facility
|d Remote Storage
|t 0
|e M1629 .M55 1996
|h Library of Congress classification
|i audio -- audio disc
|m A14822083194
|
| 998 |
f |
f |
|a M1629 .M55 1996
|t 0
|l Remote Storage
|